English grammar for today : (Record no. 2926)
[ view plain ]
| 000 -LEADER | |
|---|---|
| fixed length control field | 00855cam a2200241 a 4500 |
| 020 ## - ISBN | |
| International Standard Book Number | 9781403916419 |
| 020 ## - ISBN | |
| International Standard Book Number | 1403916411 |
| 020 ## - ISBN | |
| International Standard Book Number | 9781403916426 (pbk.) |
| 020 ## - ISBN | |
| International Standard Book Number | 140391642X (pbk.) |
| 050 00 - LIBRARY OF CONGRESS CALL NUMBER | |
| Classification Number | PE1112 |
| Item Number | .L426 2006 |
| 100 1# - MAIN ENTRY--Author | |
| Personal name | Leech, Geoffrey N. |
| 245 10 - TITLE | |
| Title | English grammar for today : |
| Remainder of title | a new introduction / |
| Statement of responsibility, etc | Geoffrey Leech, Margaret Deuchar, Robert Hoogenraad. |
| 250 ## - EDITIONSTATEMENT | |
| Edition statement | 2nd ed. |
| 260 ## - PUBLICATION, DISTRIBUTION, ETC.(IMPRINT) | |
| Place of publication, distribution, etc | Basingstoke [England] ; |
| -- | New York : |
| Name of publisher, distributor, etc | Palgrave Macmillan, |
| Date of publication, distribution, etc | 2006. |
| 300 ## - PHYSICAL DESCRIPTION | |
| Extent | xvii, 236 p. : |
| 650 #0 - SUBJECT--TOPIC | |
| General subdivision | Grammar. |
| 700 1# - ADDED ENTRY--PERSONAL AUTHOR | |
| Personal Name | Deuchar, M. |
| 700 1# - ADDED ENTRY--PERSONAL AUTHOR | |
| Personal Name | Hoogenraad, Robert. |
| 856 42 - URL/ELECTRONIC LOCATION AND ACCESS | |
| Uniform Resource Identifier | <a href="http://www.loc.gov/catdir/enhancements/fy0625/2005050382-b.html">http://www.loc.gov/catdir/enhancements/fy0625/2005050382-b.html</a> |
| 856 42 - URL/ELECTRONIC LOCATION AND ACCESS | |
| Uniform Resource Identifier | <a href="http://www.loc.gov/catdir/enhancements/fy0625/2005050382-d.html">http://www.loc.gov/catdir/enhancements/fy0625/2005050382-d.html</a> |
| 856 41 - URL/ELECTRONIC LOCATION AND ACCESS | |
| Uniform Resource Identifier | <a href="http://www.loc.gov/catdir/enhancements/fy0625/2005050382-t.html">http://www.loc.gov/catdir/enhancements/fy0625/2005050382-t.html</a> |
| 942 ## - ADDED ENTRY ELEMENTS(KOHA) | |
| Koha item type | General circulation |
| Source of classification or shelving scheme | Not for loan | Location (home branch) | Sublocation (holding branch) | Date accessioned | Cost, normal purchase price | Full call number | Barcode | Cost, replacement price | Koha item type | Public note |
|---|---|---|---|---|---|---|---|---|---|---|
| Library of Congress Classification | Main Campus Library | Main Campus Library | 03/09/2014 | 522.00 | PE1112 .L426 2006 | 015032 | 1022.00 | General circulation | leo |